[Event "Hania op"]
[Site "Hania"]
[Date "1993.??.??"]
[Round "2"]
[White "Borriss, Martin"]
[Black "Van Wely, Loek"]
[Result "0-1"]
[WhiteElo "2375"]
[BlackElo "2585"]

1.d4 Nf6 2.Nf3 g6 3.c4 d6 4.Nc3 Bg7 5.e4 O-O 6.Be2 e5 7.dxe5 dxe5 8.Qxd8 Rxd8
9.Bg5 Re8 10.Nd5 Nxd5 11.cxd5 c6 12.Bc4 cxd5 13.Bxd5 Na6 14.O-O-O Nc7 15.Bb3 Be6
16.Bxe6 Nxe6 17.Be3 f5 18.Kb1 f4 19.Bc1 Nc5 20.Rhe1 Rad8 21.Rxd8 Rxd8 22.Bd2 Bf6
23.Bc3 Re8 24.Kc2 Kf7 25.b4 Na4 26.Ba1 b5 27.Rd1 Rc8+ 28.Kb3 Ke6 29.a3 a6
30.Ng1 g5 31.h3 h5 32.Ne2 Rc4 33.f3 Rc7 34.Nc3 Nb6 35.Bb2 Be7 36.Rd3 Bd6
37.Nd5 Nxd5 38.Rxd5 g4 39.hxg4 hxg4 40.Rd2 Rh7 41.Kc2 g3 42.Bc3 Bc7 43.Re2 Bb6
44.Be1 Rh1 45.Kd2 Rf1 46.Kd3 Rg1 47.Kd2 Bd4 48.Kd3 Rf1 49.Kd2 Bf2  0-1

[Event "Hania op"]
[Site "Hania"]
[Date "1993.??.??"]
[Round "2"]
[White "Peek, Marcel"]
[Black "Georgiev, Krum"]
[Result "0-1"]
[WhiteElo "2315"]
[BlackElo "2475"]

1.d4 Nf6 2.c4 g6 3.Nc3 Bg7 4.e4 d6 5.Nf3 O-O 6.Be2 e5 7.Bg5 h6 8.Bh4 Qe8
9.dxe5 dxe5 10.Nd5 g5 11.Bg3 Nxe4 12.Nxc7 Qe7 13.Nxa8 Nc6 14.O-O Bf5 15.Nb6 axb6
16.Qb3 Be6 17.Rfe1 f5 18.Bf1 Nc5 19.Qxb6 f4 20.Rad1 e4 21.Rd5 Na4 22.Qb3 exf3
23.Qxa4 fxg3 24.hxg3 Bd4 25.Qc2 Qf7 26.Rxd4 Nxd4 27.Qe4 Qf6 28.Bd3 Rf7 29.Qg6+ Qxg6
30.Bxg6 Rf6 31.Be4 Bxc4 32.b3 Ba6 33.Rd1 Rd6 34.Kh2 Be2 35.Rc1 b6 36.Rc7 g4
37.Re7 Kf8 38.Re5 fxg2 39.Kxg2 Rf6 40.Rd5  0-1

[Event "Harkany op"]
[Site "Harkany"]
[Date "1993.??.??"]
[Round "5"]
[White "Krizsany, Laszlo"]
[Black "Molnar, Bela"]
[Result "1/2-1/2"]
[WhiteElo "2370"]
[BlackElo "2300"]

1.d4 Nf6 2.Nf3 g6 3.c4 Bg7 4.Nc3 O-O 5.e4 d6 6.Be2 e5 7.d5 a5 8.O-O Nbd7
9.Qc2 Nc5 10.Ne1 Nfd7 11.Nd3 Nxd3 12.Bxd3 Nc5 13.Be3 f5 14.f3 f4 15.Bf2 h5
16.a3 g5 17.Be2 g4 18.b4 axb4 19.axb4 Rxa1 20.Rxa1 g3 21.hxg3 fxg3 22.Bxg3 Qg5
23.Bf2 Bh3 24.Bf1 Na6 25.Qe2  1/2-1/2

[Event "Hastings op9394"]
[Site "Hastings"]
[Date "1993.??.??"]
[Round "?"]
[White "Kumaran, Dharshan"]
[Black "Prie, Eric"]
[Result "1-0"]
[WhiteElo "2385"]
[BlackElo "2470"]

1.d4 Nf6 2.c4 g6 3.Nc3 Bg7 4.e4 d6 5.Nf3 O-O 6.Be2 Na6 7.O-O e5 8.Bg5 h6
9.Bh4 Qe8 10.Bxf6 Bxf6 11.d5 Bd8 12.Rb1 Nc5 13.b4 Nd7 14.Ne1 f5 15.Nd3 Nf6
16.f3 f4 17.c5 g5 18.a4 Qg6 19.Nf2 h5 20.h3 Rf7 21.a5 Rg7 22.cxd6 cxd6 23.Rc1 a6
24.Re1 b6 25.Na4 bxa5 26.Rc6 Ne8 27.Nc5 axb4 28.Bxa6 Bxa6 29.Nxa6 Rb7 30.Nc5 Rbb8
31.Nd7 Rb5 32.Nxe5 Qg7 33.Nc4 b3 34.e5 dxe5 35.Ne4  1-0

[Event "Hastings op9394"]
[Site "Hastings"]
[Date "1993.??.??"]
[Round "?"]
[White "Kolbus, Dietmar"]
[Black "Mestel, A Jonathan"]
[Result "1/2-1/2"]
[WhiteElo "2365"]
[BlackElo "2515"]

1.d4 Nf6 2.c4 g6 3.Nc3 Bg7 4.e4 d6 5.Be2 O-O 6.Nf3 e5 7.O-O Na6 8.Re1 c6
9.Rb1 Qe7 10.Bf1 exd4 11.Nxd4 Ng4 12.h3 Ne5 13.Be3 g5 14.Qh5 h6 15.Rbd1 Qf6
16.Nf5 Bxf5 17.exf5 Qxf5 18.Rxd6 Nb4 19.Red1 Nc2 20.Bc1 Rae8 21.Be2 Re6 22.h4 Rg6
23.hxg5 hxg5 24.Bd3 Nxd3 25.R6xd3 Rh6 26.Qxg5 Qh7 27.Rh3 Rxh3 28.gxh3 Qxh3  1/2-1/2

[Event "Hastings op9394"]
[Site "Hastings"]
[Date "1993.??.??"]
[Round "?"]
[White "Mestel, A Jonathan"]
[Black "McNab, Colin Anderson"]
[Result "1-0"]
[WhiteElo "2515"]
[BlackElo "2490"]

1.d4 d6 2.Nf3 g6 3.c4 Nd7 4.e4 e5 5.Nc3 Bg7 6.Be2 Ngf6 7.O-O O-O 8.Be3 c6
9.Qc2 Ng4 10.Bg5 f6 11.Bh4 a5 12.Rad1 Qe7 13.Rfe1 Nh6 14.c5 dxc5 15.dxe5 Nf7
16.Bc4 Kh8 17.exf6 Bxf6 18.Bxf6+ Nxf6 19.e5 Nh5 20.e6 Nd6 21.Rxd6 Qxd6 22.Ne4 Qe7
23.Qc3+ Ng7 24.Nfg5 h5 25.Nf7+ Rxf7 26.exf7 Bd7 27.Nf6 Qd6 28.Qe5 Qxe5 29.Rxe5 Bf5
30.Ne8  1-0

[Event "Hastings op9394"]
[Site "Hastings"]
[Date "1993.??.??"]
[Round "?"]
[White "Krasenkow, Michal"]
[Black "McNab, Colin Anderson"]
[Result "1-0"]
[WhiteElo "2560"]
[BlackElo "2490"]

1.d4 d6 2.Nf3 g6 3.c4 Nd7 4.e4 e5 5.Nc3 Bg7 6.Be2 Ngf6 7.O-O O-O 8.Qc2 c6
9.d5 Qc7 10.Nd2 a5 11.b3 Nc5 12.a3 Bd7 13.Qb1 Qb6 14.Ra2 Rfc8 15.Rb2 Na6
16.Rc2 Qd8 17.Rd1 Rab8 18.b4 cxd5 19.cxd5 b5 20.Nf1 h5 21.Bg5 axb4 22.axb4 Qe8
23.Rdc1 Nh7 24.Bd2 f5 25.Ra2 Nc7 26.Ra7 Nf6 27.exf5 Bxf5 28.Bd3 Bxd3 29.Qxd3 Na8
30.Nxb5 Rxc1 31.Nxd6 Qd8 32.Bxc1 Qxd6 33.Qxg6 Qf8 34.Bh6 Ne8 35.d6 Rd8 36.Qe6+ Kh7
37.Bxg7 Nxg7 38.Qxe5 Rxd6 39.Rxg7+ Qxg7 40.Qxd6 Nc7 41.b5 Nxb5 42.Qd3+ Kh6
43.Qxb5 Qc3 44.Qb6+ Kg5 45.Qb5+ Kf6 46.Qb6+ Ke5 47.Qb5+ Kd4 48.Qb6+ Kd3 49.Qd6+ Ke2  1-0

[Event "Helsinki"]
[Site "Helsinki"]
[Date "1993.??.??"]
[Round "2"]
[White "Norri, Joose"]
[Black "Manninen, Marko"]
[Result "1-0"]
[WhiteElo "2400"]
[BlackElo "2380"]

1.d4 Nf6 2.c4 g6 3.Nc3 Bg7 4.e4 d6 5.Be2 O-O 6.Nf3 e5 7.d5 a5 8.Bg5 h6 9.Bh4 Na6
10.O-O Qe8 11.Nd2 Nh7 12.Kh1 h5 13.f3 Bh6 14.b3 Bd7 15.a3 Be3 16.Ra2 Kg7
17.Bd3 Rb8 18.Qe2 Bc5 19.Rb1 f6 20.Nf1 c6 21.Be1 Bd4 22.b4 axb4 23.axb4 c5
24.bxc5 Nxc5 25.Nb5 Bxb5 26.Rxb5 f5 27.exf5 gxf5 28.Bb1 Qg6 29.Ra3 Kh8 30.Ne3 e4
31.Nc2 exf3 32.Rxf3 Rbe8 33.Qf1 Bg7 34.Ne3 Ne4 35.Rxb7 Nhg5 36.Rxf5 Nc5 37.Rxf8+ Rxf8
38.Qxf8+  1-0

[Event "Heraklio summer"]
[Site "Heraklio"]
[Date "1993.??.??"]
[Round "1"]
[White "Vragoteris, Antonios"]
[Black "Ivanov, Jordan"]
[Result "0-1"]
[WhiteElo "2310"]
[BlackElo "2420"]

1.d4 Nf6 2.c4 g6 3.Nc3 Bg7 4.e4 d6 5.Nf3 O-O 6.Be2 Nbd7 7.O-O e5 8.Be3 Ng4
9.Bg5 f6 10.Bd2 Nh6 11.Qc2 Nf7 12.Be3 c6 13.Rad1 Qe7 14.Rfe1 Re8 15.Bf1 Nf8
16.h3 Bh6 17.Bxh6 Nxh6 18.b4 Nf7 19.Qd2 Bd7 20.d5 Rec8 21.c5 dxc5 22.d6 Qd8
23.bxc5 Qa5 24.Nd5 Qxd2 25.Ne7+ Kg7 26.Nxd2 Rcb8 27.Bc4 Nd8 28.f4 exf4 29.e5 f5
30.Nf3 b6 31.cxb6 axb6 32.e6 Bxe6 33.Bxe6 Nfxe6 34.Ne5 c5 35.N5c6 Rb7 36.d7 Nf8
37.Ne5 Rxa2 38.Rd6 b5 39.Nd5 Raa7 40.Nb6 Ra6 41.Nc8 Rxd6 42.Nxd6 Rb6 43.Ne8+ Kg8
44.Nc7 b4 45.Nd5 Rd6 46.Nxf4 Nxd7  0-1

[Event "Hlohovec op"]
[Site "Hlohovec"]
[Date "1993.??.??"]
[Round "?"]
[White "Priehoda, Vitezslav"]
[Black "Frolov, Artur"]
[Result "1/2-1/2"]
[WhiteElo "2440"]
[BlackElo "2530"]

1.d4 Nf6 2.c4 g6 3.Nc3 Bg7 4.e4 d6 5.Nf3 O-O 6.Be2 e5 7.d5 a5 8.Bg5 h6 9.Bh4 Na6
10.Nd2 Qe8 11.O-O Nh7 12.a3 Bd7 13.b3  1/2-1/2

[Event "Horni Becva op"]
[Site "Horni Becva"]
[Date "1993.??.??"]
[Round "9"]
[White "Saljova, Silvie"]
[Black "Suran, Jan"]
[Result "1-0"]
[WhiteElo "2095"]
[BlackElo "2200"]

1.d4 Nf6 2.c4 g6 3.Nc3 d6 4.e4 Bg7 5.Nf3 O-O 6.Be2 e5 7.dxe5 dxe5 8.Qxd8 Rxd8
9.Nxe5 Nxe4 10.Nxe4 Bxe5 11.Bg5 Bxb2 12.Rb1 Re8 13.Rxb2 Rxe4 14.O-O Nc6 15.Rd1 Be6
16.f3 Rxe2 17.Rxe2 Bxc4 18.Rb2 b5 19.Rd7 Ne5 20.Rxc7 a5 21.Rd2 Re8 22.Bf6 Nd3
23.h3 a4 24.Rd7  1-0

[Event "HUN-chT"]
[Site "HUN"]
[Date "1993.??.??"]
[Round "?"]
[White "Foldi, Istvan"]
[Black "Anka, Emil"]
[Result "0-1"]
[WhiteElo "2325"]
[BlackElo "2395"]

1.d4 Nf6 2.c4 g6 3.Nc3 Bg7 4.e4 d6 5.Be2 O-O 6.Nf3 e5 7.dxe5 dxe5 8.Qxd8 Rxd8
9.Bg5 Re8 10.Nd5 Nxd5 11.cxd5 c6 12.Bc4 cxd5 13.Bxd5 Nd7 14.Nd2 Nb6 15.Bb3 Be6
16.Bxe6 Rxe6 17.Rc1 Rc8 18.Rxc8+ Nxc8 19.Ke2 Rc6 20.Kd3 f6 21.Be3 Kf7 22.Nb3 Bf8
23.Rc1 Rxc1 24.Nxc1 f5 25.f3 f4 26.Bf2 g5 27.Nb3 Ke6 28.a4 b6 29.a5 Kd6 30.axb6 axb6
31.Nd2 Kc6 32.Nc4 Bd6 33.Kc3 Bc7 34.Kb4 Ne7 35.h4 gxh4 36.Bxh4 Ng6 37.Bf2 Bd8
38.b3 h5 39.Kc3 b5 40.Nb2 Bh4 41.Bxh4 Nxh4 42.Nd3 Nxg2 43.Nxe5+ Kc7 44.Nd3 h4
45.Nf2 Ne1 46.Nh3 Nxf3 47.Nxf4 Ng5 48.Kd4 Kc6 49.Nd3 h3 50.Nf2 h2 51.Nh1 Ne6+
52.Ke3 Nc5 53.Kf3 Nxb3 54.Nf2 Kc5 55.Kg2 Kd4 56.Kxh2 Nd2 57.Kg2 Nxe4 58.Nd1 Kd3
59.Kf3 Nc3 60.Nf2+ Kc2 61.Ke3 b4 62.Nd3 Nd5+ 63.Kd4 b3 64.Ne5 Nb4 65.Nc4 Nc6+
66.Kc5 Kc3 67.Ne3 Ne5 68.Nd1+ Kc2 69.Kb4 Nd3+ 70.Ka3 Nc5 71.Nb2 Kc3 72.Nd1+ Kd2
73.Nb2 Kc2 74.Nc4 Kc3 75.Nb2  0-1

[Event "HUN-chT"]
[Site "HUN"]
[Date "1993.??.??"]
[Round "?"]
[White "Pinter, Jozsef"]
[Black "Bilek, Istvan"]
[Result "1-0"]
[WhiteElo "2580"]
[BlackElo "2380"]

1.d4 Nf6 2.c4 g6 3.Nc3 Bg7 4.e4 d6 5.Be2 Nbd7 6.Nf3 e5 7.O-O O-O 8.Re1 c6
9.Bf1 a6 10.d5 cxd5 11.cxd5 b5 12.b4 Nb6 13.a4 Qc7 14.Bd2 bxa4 15.Nxa4 Bd7
16.Nxb6 Qxb6 17.h3 Bb5 18.Bxb5 axb5 19.Ra5 Rac8 20.Be3 Qb7 21.Nd2 Ra8 22.Qb3 Rfc8
23.Rb1 Nh5 24.Qd3 Nf4 25.Bxf4 exf4 26.Rxb5 Qa6 27.Nf3 Qa2 28.e5 Ra3 29.Qf1 Bxe5
30.Nxe5 dxe5 31.Rd1 e4 32.d6 Qe6 33.Rb7 Rd8 34.Re7 Qf6 35.Rxe4 Rxd6 36.Rxd6 Qxd6
37.Qc1 Rb3 38.Qxf4 Rb1+ 39.Kh2 Qxf4+ 40.Rxf4 Rb3 41.h4 f5 42.f3 Kf7 43.g4 Ke6
44.gxf5+ gxf5 45.Kg3 Rc3 46.Rd4 Ke5 47.Rd7 f4+ 48.Kf2 Rc2+ 49.Ke1 Rc3 50.Ke2 Re3+
51.Kf2 Rb3 52.Re7+ Kf5 53.Rb7 Ke5 54.h5 h6 55.Kg2 Rb1 56.Rb6 Rb3 57.Rb8 Rb1
58.Rb6 Rb3 59.Rxh6 Rxb4 60.Rc6 Rb8 61.Kh3 Rg8 62.h6 Kf5 63.h7 Rh8 64.Rh6 Kg5
65.Rh4  1-0

[Event "HUN-chT"]
[Site "HUN"]
[Date "1993.??.??"]
[Round "?"]
[White "Csiszar, Csaba"]
[Black "Anka, Emil"]
[Result "1-0"]
[WhiteElo "2200"]
[BlackElo "2395"]

1.d4 Nf6 2.c4 g6 3.Nc3 Bg7 4.e4 d6 5.Nf3 O-O 6.Be2 e5 7.Be3 Ng4 8.Bg5 f6
9.Bh4 Nc6 10.d5 Ne7 11.Nd2 Nh6 12.f3 g5 13.Bf2 f5 14.c5 Ng6 15.g3 g4 16.fxg4 Nxg4
17.Bxg4 fxg4 18.O-O h5 19.Be3 Rxf1+ 20.Qxf1 Bf8 21.cxd6 cxd6 22.Qf2 b6 23.Rf1 Qe7
24.Nb5 Ba6 25.Qf5 Bxb5 26.Qxg6+ Bg7 27.Rf2 Be8 28.Qf5 b5 29.Nf1 Qd7 30.Qg5 Rc8
31.Bd2 Rc4 32.Ne3 Rxe4 33.Nf5 Rc4 34.Ne7+ Kh7 35.Rf6 Qxe7 36.Rh6+ Bxh6 37.Qxe7+ Bg7
38.Qxe8 Rd4  1-0

[Event "HUN-chT"]
[Site "HUN"]
[Date "1993.??.??"]
[Round "?"]
[White "Csiszar, Csaba"]
[Black "Gemesi, Andras"]
[Result "1-0"]
[WhiteElo "2200"]
[BlackElo "2215"]

1.d4 Nf6 2.c4 g6 3.Nc3 Bg7 4.e4 d6 5.Nf3 O-O 6.Be2 e5 7.Be3 Ng4 8.Bg5 f6
9.Bh4 Nc6 10.d5 Ne7 11.Nd2 Nh6 12.f3 f5 13.Bf2 c6 14.c5 cxd5 15.cxd6 Qxd6
16.Nc4 Qf6 17.exd5 Rd8 18.Qb3 Kh8 19.Rd1 Nf7 20.O-O b6 21.Qa3 Bd7 22.Rfe1 g5
23.Bf1 Ng6 24.Qb3 Rac8 25.a4 Bf8 26.Nb5 Bxb5 27.axb5 Nd6 28.Nxe5 Nxe5 29.Rxe5 Qxe5
30.Bd4 Qxd4+ 31.Rxd4 Rc1 32.Rd1 Rc5 33.Qe3 f4 34.Qe5+ Bg7 35.Qxg5 Rf8 36.b4 Rc3
37.Bd3 Bd4+ 38.Kf1 Rc7 39.Re1 Rg7 40.Qh5 Be3 41.Bxh7 Rxh7 42.Qe5+ Kg8 43.Qxd6 Rxh2
44.Qe6+ Kg7 45.d6 Rh1+ 46.Ke2 Rh2 47.Qg4+ Kf7 48.Qf5+  1-0

[Event "HUN-chT"]
[Site "HUN"]
[Date "1993.??.??"]
[Round "?"]
[White "Csiszar, Csaba"]
[Black "Glatt, Gabor"]
[Result "1/2-1/2"]
[WhiteElo "2235"]
[BlackElo "2295"]

1.d4 Nf6 2.c4 g6 3.Nc3 Bg7 4.e4 d6 5.Nf3 O-O 6.Be2 e5 7.Be3 Ng4 8.Bg5 f6
9.Bh4 Nc6 10.d5 Ne7 11.Nd2 Nh6 12.f3 g5 13.Bf2 f5 14.c5 g4 15.fxg4 fxg4 16.O-O Ng6
17.g3 Qg5 18.cxd6 cxd6 19.Nc4 Nf4 20.gxf4 exf4 21.Qd2 Nf7 22.Nb5 g3 23.hxg3 fxg3
24.Be3 Qh4 25.Bd3 a6 26.Nc7 b5 27.Nxd6 Ne5 28.Nxa8 Bg4 29.Nf5 Rxf5 30.Rxf5 Nf3+
31.Rxf3 Bxf3 32.Qg2 Bxg2 33.Kxg2 Qh2+ 34.Kf3 Be5 35.Rg1 Qh5+ 36.Kg2 Qh2+
37.Kf3 Qh5+ 38.Kg2 Qh2+ 39.Kf3 Qxb2 40.Nb6 Qc3 41.Nd7 Bd6 42.Be2 Kf7 43.Rc1 Qb2
44.Rc6 Qa3 45.e5 g2 46.Kxg2 Qxe3 47.Bh5+ Kg7 48.exd6 Qg5+ 49.Kf2 Qxh5 50.Nb6 Qh2+  1/2-1/2

[Event "HUN-chT"]
[Site "HUN"]
[Date "1993.??.??"]
[Round "?"]
[White "Orgovan, Sandor"]
[Black "Pesztericz, Laszlo"]
[Result "1-0"]
[WhiteElo "2330"]
[BlackElo "2230"]

1.d4 Nf6 2.c4 g6 3.Nc3 Bg7 4.e4 d6 5.Be2 O-O 6.Nf3 e5 7.Be3 Nc6 8.d5 Ne7
9.Nd2 Ne8 10.c5 f5 11.f3 f4 12.Bf2 Rf7 13.Nc4 Bf8 14.Qb3 g5 15.h4 Ng6 16.h5 Nh4
17.O-O-O Ng7 18.h6 Nh5 19.Nxe5 dxe5 20.d6 cxd6 21.Bc4 Qe8 22.Nb5 Rb8 23.Nc7 Qd7
24.cxd6 Ng3 25.Rxh4 gxh4 26.Bxf7+ Qxf7 27.Qxf7+ Kxf7 28.Bxa7 Bh3 29.gxh3 Rd8
30.d7 Bb4 31.Bb6 Ne2+ 32.Kc2 Be7 33.Nb5  1-0

[Event "HUN-chT"]
[Site "HUN"]
[Date "1993.??.??"]
[Round "?"]
[White "Banas, Jan"]
[Black "Dobos, Jozsef"]
[Result "1-0"]
[WhiteElo "2370"]
[BlackElo "2340"]

1.c4 Nf6 2.Nc3 g6 3.e4 d6 4.d4 Bg7 5.Be2 O-O 6.Nf3 e5 7.d5 a5 8.Bg5 h6 9.Bh4 Na6
10.Nd2 Qe8 11.a3 Bd7 12.b3 Nh7 13.f3 h5 14.Rb1 Bh6 15.Bf2 f5 16.b4 axb4 17.axb4 b6
18.Bd3 Qe7 19.Qe2 Nb8 20.c5 bxc5 21.bxc5 Ra3 22.Nb3 Nf6 23.h3 Kh8 24.c6 Bc8
25.Nb5 Ra4 26.O-O f4 27.Na7 Ba6 28.Bxa6 Rxa6 29.Nc1 Ra3 30.Rb7 Re3 31.Bxe3 fxe3
32.Qb5 Qd8 33.Ne2 Nh7 34.Qa5  1-0

[Event "HUN-chT"]
[Site "HUN"]
[Date "1993.??.??"]
[Round "?"]
[White "Marosi, Gyorgy"]
[Black "Tegzes, Laszlo"]
[Result "1-0"]
[WhiteElo "2295"]
[BlackElo "2270"]

1.Nf3 Nf6 2.c4 g6 3.Nc3 Bg7 4.e4 d6 5.d4 O-O 6.Be2 e5 7.dxe5 dxe5 8.Qxd8 Rxd8
9.Bg5 Re8 10.Nd5 Nxd5 11.cxd5 f5 12.Rc1 h6 13.Be3 c6 14.Bc4 Kh7 15.O-O fxe4
16.Nd2 cxd5 17.Bxd5 Nd7 18.Nxe4 Nb6 19.Bxb6 axb6 20.Rc7 Rd8 21.Rfc1 Bf5 22.f3 Rac8
23.Rxc8 Rxc8 24.Rxc8 Bxc8 25.Nd6 Bf5 26.Nxb7 Bf8 27.g4 Bc8 28.Nd8 Kg7 29.Be4 Bd7
30.Kf2 Be7 31.Nc6 Bxc6 32.Bxc6 Kf6 33.Ke3 Bc5+ 34.Ke4 Bd4 35.b3 Bc5 36.Be8 Bf2
37.Kd5 Be3 38.Bb5 Bc5 39.Bd3 Bg1 40.h3 Bd4 41.f4 Bb2 42.fxe5+ Bxe5 43.Bxg6 Bb2
44.Bh5 Kg5 45.a4 Kf6 46.b4 Ke7 47.Kc6 Bd4 48.a5  1-0

[Event "HUN-chT"]
[Site "HUN"]
[Date "1993.??.??"]
[Round "?"]
[White "Lengyel, Levente"]
[Black "Geller, Arpad"]
[Result "0-1"]
[WhiteElo "2385"]
[BlackElo "2290"]

1.Nf3 Nf6 2.c4 g6 3.Nc3 Bg7 4.e4 d6 5.d4 O-O 6.Be2 e5 7.O-O Nbd7 8.Qc2 c6
9.d5 a5 10.a3 Nc5 11.b3 Bd7 12.Bg5 a4 13.b4 Nb3 14.Rad1 c5 15.bxc5 Nxc5 16.Nd2 Qa5
17.Rb1 Rfc8 18.Nb5 Ra6 19.f4 exf4 20.Bxf4 Ne8 21.Qd1 Qd8 22.Bg4 Nd3 23.Bxd7 Qxd7
24.Be3 Ne5 25.Qc2 Nf6 26.h3 Qe7 27.Bg5 Ned7 28.Nd4 Qe5 29.N4f3 Qc3 30.Rxb7 Qxa3
31.Nd4 Qc5 32.Be3 Nxd5 33.Rb5 Nxe3 34.Rxc5 dxc5 35.Qc1 Bxd4 36.Nf3 a3 37.Nxd4 cxd4
38.c5 Rxc5 39.Qd2  0-1

[Event "HUN-chT"]
[Site "HUN"]
[Date "1993.??.??"]
[Round "?"]
[White "Schroter, Tamas"]
[Black "Czebe, Attila"]
[Result "1-0"]
[WhiteElo "2345"]
[BlackElo "2270"]

1.d4 Nf6 2.c4 g6 3.Nc3 Bg7 4.e4 d6 5.Nf3 O-O 6.Be2 Nbd7 7.O-O e5 8.d5 Nc5
9.Qc2 a5 10.Nd2 c6 11.Rb1 Ne8 12.b3 f5 13.f3 Bh6 14.a3 Be3+ 15.Kh1 Qh4 16.g3 Qh3
17.Nd1 f4 18.g4 g5 19.b4 Rf6 20.Re1 Rh6 21.Nf1 axb4 22.Ndxe3 b3 23.Qb2 fxe3
24.Bxe3 Bxg4 25.fxg4 Nxe4 26.Bd3 Rxa3 27.Qg2 Qxg2+ 28.Kxg2 Nc3 29.Ra1 Rxa1
30.Rxa1 b2 31.Ra8 Kf7 32.Bxg5 Rg6 33.Bxg6+ Kxg6 34.Nd2 cxd5 35.Rxe8 Kxg5
36.cxd5 Kf4 37.Rf8+ Kxg4 38.h3+ Kg5 39.Rf1 e4 40.Re1 Kf4 41.Rf1+ Kg5 42.Kg3 e3
43.Nb1 Nxd5 44.Rd1 Ne7 45.Kf3 Nf5 46.Nc3 b5 47.Rb1 b4 48.Nd5 Nd4+ 49.Kxe3 Nc2+
50.Ke4  1-0

[Event "HUN-chT2"]
[Site "HUN"]
[Date "1993.??.??"]
[Round "?"]
[White "Rauch, Ferenc"]
[Black "Binder, Tamas"]
[Result "1-0"]
[WhiteElo "2225"]
[BlackElo "2300"]

1.d4 Nf6 2.Nf3 g6 3.c4 Bg7 4.Nc3 O-O 5.e4 d6 6.Be2 e5 7.d5 Nbd7 8.O-O a5
9.h3 Ne8 10.Nh2 f5 11.f4 Nc5 12.fxe5 dxe5 13.exf5 gxf5 14.Be3 Qe7 15.Kh1 Bd7
16.Nf3 e4 17.Nd4 f4 18.Rxf4 Rxf4 19.Bxf4 Qh4 20.Bh2 Ra6 21.Ne6 Nxe6 22.dxe6 Bxe6
23.c5 Ra8 24.Qa4 Bxc3 25.bxc3 c6 26.Qd4 Rd8 27.Qe3 Ng7 28.Bg3 Qf6 29.Qxe4 Bd5
30.Qh4 Qxh4 31.Bxh4 Re8 32.Bg4 h5 33.Bd7 Re2 34.c4 Bxc4 35.g4 Bxa2 36.gxh5 Nxh5
37.Bg4 Bd5+ 38.Kg1 Rg2+ 39.Kf1 Nf4 40.Ra4 Rc2 41.Rxf4 Rxc5 42.Be7 Rc1+ 43.Kf2 b5
44.Kg3 b4 45.Kh4 Re1 46.Bc5 Re4 47.Rf8+ Kg7 48.Ra8 b3 49.Ra7+ Bf7 50.Ba3 a4
51.Kg5 c5 52.Bf5 Re2 53.Bxc5 Rg2+ 54.Kf4 Ra2 55.Bd4+ Kf8 56.Kg5 b2 57.Kf6 Bd5
58.Bc5+ Ke8 59.Re7+  1-0

[Event "HUN-ch"]
[Site "HUN"]
[Date "1993.??.??"]
[Round "1"]
[White "Petran, Pal"]
[Black "Almasi, Zoltan"]
[Result "1/2-1/2"]
[WhiteElo "2440"]
[BlackElo "2580"]

1.d4 Nf6 2.c4 g6 3.Nc3 Bg7 4.e4 d6 5.Be2 O-O 6.Nf3 e5 7.dxe5 dxe5 8.Qxd8 Rxd8
9.Bg5 c6 10.Nxe5 Re8 11.O-O-O Na6 12.f4 h6 13.Bh4 g5  1/2-1/2

[Event "ISL-ch"]
[Site "?"]
[Date "1993.??.??"]
[Round "8"]
[White "Hjartarson, Johann"]
[Black "Gretarsson, Andri A"]
[Result "1/2-1/2"]
[WhiteElo "2605"]
[BlackElo "2310"]

1.d4 Nf6 2.c4 g6 3.Nc3 Bg7 4.e4 O-O 5.Nf3 d6 6.Be2 e5 7.O-O Nbd7 8.Be3 c6
9.d5 c5 10.Ne1 Ne8 11.Nd3 f5 12.f4 Qe7 13.exf5 gxf5 14.fxe5 Nxe5 15.Nxe5 Bxe5
16.Qd2 Bd7 17.Rae1 Nf6 18.Bg5 Qf7 19.Bf4 Rfe8 20.Bxe5 Rxe5 21.Bd3 Rae8 22.Rxe5 Rxe5
23.Rf3 Kh8 24.Ne2 Qe7 25.h3 Ne4 26.Qh6 Qg7 27.Qxg7+ Kxg7 28.Ng3 Nxg3 29.Rxg3+ Kf7
30.Kf2 a6 31.Be2 Re4 32.Rb3 Bc8 33.Re3 Rxe3 34.Kxe3 Kf6 35.Kf4 Bd7 36.Bd3 b6
37.a3 a5 38.Bc2 h6 39.h4 Bc8 40.Ba4 Ke7 41.Bd1 Kf6 42.Bc2 Bd7 43.Bb1 Bc8
44.Bd3 Bd7 45.g3 Bc8 46.Bf1 Bd7 47.Bd3 Bc8 48.Be2 Bd7 49.Bf1 Bc8 50.Bh3 Bd7
51.b3 Kg6 52.Bf1 Bc8 53.Bd3  1/2-1/2

[Event "Isle of Man op"]
[Site "Isle of Man"]
[Date "1993.??.??"]
[Round "?"]
[White "Kumaran, Dharshan"]
[Black "McNab, Colin Anderson"]
[Result "1/2-1/2"]
[WhiteElo "2385"]
[BlackElo "2490"]

1.d4 d6 2.Nf3 g6 3.c4 Nd7 4.Nc3 e5 5.e4 Bg7 6.Be2 Ngf6 7.O-O O-O 8.Qc2 c6
9.Rd1 Qc7 10.Rb1 Re8 11.d5 cxd5 12.cxd5 Nc5 13.Bd3 Bg4 14.Qe2 Nxd3 15.Qxd3 Rec8
16.h3 Bd7 17.Be3 Qc4 18.Qxc4 Rxc4 19.Nd2 Rcc8 20.a4 Ne8 21.Kf1 f5 22.f3 Bf6
23.Ke2 f4 24.Bf2 Bd8 25.Kd3  1/2-1/2

[Event "ITA-chT"]
[Site "ITA"]
[Date "1993.??.??"]
[Round "2"]
[White "Pantaleoni, Claudio"]
[Black "Luciani, Carlo"]
[Result "1-0"]
[WhiteElo "2225"]
[BlackElo "2265"]

1.d4 Nf6 2.c4 d6 3.Nf3 g6 4.Nc3 Bg7 5.e4 O-O 6.Be2 Nbd7 7.O-O e5 8.Re1 c6
9.Bf1 a5 10.Rb1 exd4 11.Nxd4 Re8 12.Nc2 Qe7 13.Be3 Ne5 14.f3 Be6 15.b3 Red8
16.Qd2 d5 17.exd5 cxd5 18.Bb6 dxc4 19.Bxd8 Rxd8 20.Qe3 Nfg4 21.fxg4 Nxg4
22.Qb6 Bxc3 23.Rbd1 Rxd1 24.Rxd1 cxb3 25.axb3 Be5 26.h3 Bh2+ 27.Kh1 Bc7 28.Qd4 Qh4
29.Kg1 Bxb3 30.Qxg4 Qxg4 31.hxg4 Bxc2 32.Rd7 Bb6+ 33.Kh2 Be4 34.Bc4 g5 35.Rxf7 Kh8
36.Re7 Bc6 37.g3 h6 38.Ba6 bxa6 39.Re6 Kg7 40.Rxc6 Bd4 41.Rxa6 Bc3 42.Kg2 Kf7
43.Kf3 Ke7 44.Ke4 Be1 45.Kf5 Bxg3 46.Rxa5 Bf4 47.Ra7+ Kf8 48.Kg6 Bd2 49.Rf7+ Ke8
50.Rf5 Bf4 51.Kxh6 Bd2 52.Kg6 Bf4 53.Rxg5  1-0

[Event "Jakarta Interzonal (Women)"]
[Site "Jakarta"]
[Date "1993.??.??"]
[Round "?"]
[White "Matveeva, Svetlana"]
[Black "Foisor, Cristina Adela B"]
[Result "1-0"]
[WhiteElo "2395"]
[BlackElo "2360"]

1.d4 Nf6 2.c4 g6 3.Nc3 Bg7 4.e4 d6 5.Be2 O-O 6.Nf3 e5 7.Be3 Na6 8.O-O Ng4
9.Bg5 Qe8 10.h3 h6 11.Bc1 Nf6 12.dxe5 dxe5 13.Be3 Nh5 14.Qc1 Kh7 15.g4 Nf4
16.Bxf4 exf4 17.Qxf4 f5 18.exf5 gxf5 19.Bd3 Kh8 20.Nh4 fxg4 21.Ng6+ Qxg6
22.Qxf8+ Bxf8 23.Bxg6 gxh3 24.Rfe1 Bd7 25.Rad1 Bd6 26.Be4 Nc5 27.Bd5 a5 28.Ne4 Nxe4
29.Bxe4 Rg8+ 30.Kh1 b6 31.Rg1 Rg5 32.b3 Be6 33.Bd5 Bg4 34.f3 Bd7 35.Be4 Be6
36.Rde1 Bd7 37.Bd5 h2 38.Rg2 Kg7 39.f4 Rg4 40.Rxg4+ Bxg4 41.Rf1 h5 42.Kxh2 h4
43.Bg2 Kf6 44.Bh3 Be2 45.Rf2 Bd3 46.Bg4 Bb4 47.Kh3 Be1 48.Rf3 Be2 49.Re3 Bf1+
50.Kh2 Bd2 51.Rf3 Be2 52.Rf2 Bxg4 53.Rxd2 Be6 54.Re2 c6 55.Re5 a4 56.bxa4  1-0

[Event "Jakarta Interzonal (Women)"]
[Site "Jakarta"]
[Date "1993.??.??"]
[Round "?"]
[White "Demina, Julia"]
[Black "Gurieli, Nino"]
[Result "1/2-1/2"]
[WhiteElo "2365"]
[BlackElo "2355"]

1.Nf3 Nf6 2.c4 g6 3.Nc3 Bg7 4.e4 d6 5.d4 O-O 6.Be2 e5 7.dxe5 dxe5 8.Qxd8 Rxd8
9.Bg5 Re8 10.Nd5 Nxd5 11.cxd5 c6 12.Bc4 cxd5 13.Bxd5 Na6 14.O-O-O Nb4 15.Bb3 Be6
16.Bxe6 Rxe6 17.Kb1 Nc6 18.Rd7 b6 19.Rc1 h6 20.Be3 f5 21.Rc7 Ne7 22.Rd7 Nc6
23.Rc7 Ne7 24.Rd7 Nc6  1/2-1/2

[Event "Jakarta Interzonal (Women)"]
[Site "Jakarta"]
[Date "1993.??.??"]
[Round "?"]
[White "Demina, Julia"]
[Black "Marinello, Beatriz M"]
[Result "1-0"]
[WhiteElo "2365"]
[BlackElo "2160"]

1.Nf3 Nf6 2.c4 g6 3.Nc3 Bg7 4.e4 d6 5.d4 O-O 6.Be2 e5 7.dxe5 dxe5 8.Qxd8 Rxd8
9.Bg5 Re8 10.Nd5 Nxd5 11.cxd5 c6 12.Bc4 cxd5 13.Bxd5 Na6 14.O-O-O Nb4 15.Bb3 Be6
16.Bxe6 Rxe6 17.Kb1 h6 18.Be3 Nc6 19.Rd7 b6 20.Rhd1 Rae8 21.a3 R8e7 22.Rxe7 Rxe7
23.Rd5 Kf8 24.b4 Ke8 25.Kc2 Rd7 26.Rxd7 Kxd7 27.b5 Nd8 28.Nd2 Nb7 29.Nc4 Ke6
30.a4 Bf8 31.a5 bxa5 32.Bxa7 f5 33.f3 fxe4 34.fxe4 Bc5 35.Nxa5 Bxa7 36.Nxb7 Bb6
37.Kb3 h5 38.Kb4 g5 39.Na5 g4 40.Nc4 Bg1 41.h3 gxh3 42.gxh3 Kf6 43.h4 Ke6
44.b6 Kd7 45.Kb5 Bf2 46.Nxe5+ Kc8 47.Kc6  1-0

[Event "Jakarta Interzonal (Women)"]
[Site "Jakarta"]
[Date "1993.??.??"]
[Round "?"]
[White "Amura, Claudia Noemi"]
[Black "Marinello, Beatriz M"]
[Result "1-0"]
[WhiteElo "2365"]
[BlackElo "2160"]

1.d4 Nf6 2.c4 g6 3.Nc3 Bg7 4.e4 d6 5.Be2 O-O 6.Nf3 e5 7.dxe5 dxe5 8.Qxd8 Rxd8
9.Bg5 Re8 10.Nd5 Nxd5 11.cxd5 c6 12.Bc4 Bd7 13.O-O cxd5 14.Bxd5 Nc6 15.Rfd1 Nd4
16.Nxd4 exd4 17.Rac1 Bc6 18.Rxc6 bxc6 19.Bxc6 h6 20.Bf4 g5 21.Bd2 Rab8 22.Bxe8 Rxe8
23.f3 f5 24.exf5 Re5 25.Kf2 Rxf5 26.b4 Be5 27.h3 Kf7 28.Ke2 Ke6 29.Rc1 Bd6
30.Kd3 h5 31.Rc4 Be5 32.Ke4 Bf4 33.Rc6+ Kd7 34.Kxf5 Kxc6 35.Bxf4 gxf4 36.Ke4 Kb5
37.Kxd4 Kxb4 38.Ke4 a5 39.Kxf4 Ka3 40.g4 hxg4 41.fxg4  1-0

[Event "Jyvaskyla op"]
[Site "Jyvaskyla"]
[Date "1993.??.??"]
[Round "8"]
[White "Shneider, Aleksandr"]
[Black "Sepp, Olav"]
[Result "1/2-1/2"]
[WhiteElo "2560"]
[BlackElo "2380"]

1.d4 Nf6 2.c4 g6 3.Nc3 Bg7 4.e4 d6 5.Be2 O-O 6.Nf3 e5 7.O-O Na6 8.Re1 Qe8
9.Bf1 Bg4 10.d5 Nb4 11.Be2 a5 12.h3 Bd7 13.Be3 b6 14.Nd2 Kh8 15.a3 Na6 16.b3 Ng8
17.Qc2 f5 18.exf5 gxf5 19.f4 Qg6 20.Nf3  1/2-1/2